Whirligigs & weathervanes : acelebration of wind gadgets with dozens of creative projects to make

Bibliographic Details
Main Author: Schoonmaker, David
Other Authors: Woods, Bruce , 1947-
Format: Book
Published: New York : Sterling Publishing , 1991
Subjects:

MARC

LEADER 00000cam a2200000 7i4500
001 0000001449
002 000001594
005 20000330.0
020 |a 0806983655 
090 0 0 |a 745.592   |b SCH 
100 1 |a Schoonmaker, David 
245 1 0 |a Whirligigs & weathervanes :   |b acelebration of wind gadgets with dozens of creative projects to make   |c David Schoonmaker and Bruce Woods 
260 |a New York :   |b Sterling Publishing ,   |c 1991 
300 |a 128 p. :   |b ill. ;   |c 25 cm. 
650 0 0 |a Whirligigs 
650 0 0 |a Wooden toy making 
700 1 |a Woods, Bruce ,   |d 1947- 
999 |a 033023   |b BUKU   |c PINJAMAN   |e PERPUSTAKAAN KOMUNITI PETALING JAYA 
999 |a 033024   |b BUKU   |c PINJAMAN   |e PERPUSTAKAAN KOMUNITI PETALING JAYA